Minimálna splátka nástraha kreditných kariet - informačné ukotvenie

Postavenie a používanie kreditných kariet na Slovensku a vo svete. Ekonomické faktory na najbližšie obdobie. Nesplatené dlhy a hodnoty transakcií s kreditnými kartami. Výška minimálnej splátky a výška úroku.

Na minha lista:
Detalhes bibliográficos
Autor principal: Šinský, Michal
Formato: Capítulo de Livro
Idioma:eslovaco
Assuntos:
Tags: Adicionar Tag
Sem tags, seja o primeiro a adicionar uma tag!

MARC

LEADER 00000naa$a2200000$$$4500
001 0115878
005 20240502072307.2
041 0 |a slo 
044 |a SK 
245 1 0 |a Minimálna splátka  |b nástraha kreditných kariet - informačné ukotvenie  |c Michal Šinský 
520 |a Postavenie a používanie kreditných kariet na Slovensku a vo svete. Ekonomické faktory na najbližšie obdobie. Nesplatené dlhy a hodnoty transakcií s kreditnými kartami. Výška minimálnej splátky a výška úroku. 
610 2 0 |a karty platobné 
610 2 0 |a karty čipové 
610 2 0 |a styk platobný bezhotovostný 
610 2 0 |a operácie bankové 
610 2 0 |a úver krátkodobý 
610 2 0 |a splátky 
610 2 0 |a marža úroková 
610 2 0 |a dlhy 
610 2 0 |a spotrebitelia 
610 2 0 |a psychológia predaja 
100 1 |a Šinský, Michal